[Event "General Pico Anconetani Memorial 5th"]
[Site "General Pico"]
[Date "2022.08.26"]
[Round "2"]
[White "Mussanti, Diego"]
[Black "Meineri, Carlos"]
[Result "1-0"]
[WhiteElo "2228"]
[BlackElo "1342"]
[PlyCount "73"]
[EventDate "2022.08.26"]
[EventType "swiss"]
[EventRounds "7"]
[EventCountry "ARG"]
[SourceTitle "EXT 2023"]
[Source "ChessBase"]
[SourceDate "2022.10.05"]
[SourceVersion "1"]
[SourceVersionDate "2022.10.05"]
[SourceQuality "1"]

1. e4 c5 2. Nf3 d6 3. d4 cxd4 4. Nxd4 Nf6 5. Nc3 a6 6. Bg5 Nc6 7. Qd2 e6 8. 0-0-0 Be7 9. f4 0-0 10. Be2 Qc7 11. Bxf6 Bxf6 12. Nxc6 Qxc6 13. Qxd6 Bxc3 14. Qxc6 Bxb2+ 15. Kxb2 bxc6 16. Kc3 a5 17. Rd6 Ba6 18. Bxa6 Rxa6 19. Rb1 g6 20. Rb7 h5 21. a4 Rfa8 22. Rdd7 Rf8 23. Rd6 Rfa8 24. h4 c5 25. Rxa6 Rxa6 26. Rb5 Kf8 27. Rxc5 Ra7 28. f5 Ke7 29. fxg6 fxg6 30. Kc4 Kd6 31. e5+ Kd7 32. Kb5 Ra8 33. Rc3 Rf8 34. Kxa5 Ra8+ 35. Kb4 Rb8+ 36. Ka3 Rb1 37. a5 1-0

[Event "Santa Rosa op"]
[Site "Santa Rosa"]
[Date "2022.07.09"]
[Round "5"]
[White "Mussanti, Diego"]
[Black "Bardi, Franco"]
[Result "1/2-1/2"]
[WhiteElo "2234"]
[BlackElo "1764"]
[PlyCount "99"]
[EventDate "2022.07.08"]
[EventType "swiss"]
[EventRounds "7"]
[EventCountry "ARG"]
[SourceTitle "CBM 209 Extra"]
[Source "ChessBase"]
[SourceDate "2022.09.30"]
[SourceVersion "1"]
[SourceVersionDate "2022.09.30"]
[SourceQuality "1"]

1. e4 c5 2. Nf3 d5 3. d4 cxd4 4. Nxd4 Nf6 5. Nc3 a6 6. h3 e6 7. g4 Be7 8. Bg2 Qc7 9. Be3 Nc6 10. Qe2 Nxd4 11. Bxd4 e5 12. Be3 Be6 13. g5 Bb4 14. Qd2 Nd7 15. 0-0-0 Rc8 16. Kb1 b5 17. h4 Nb6 18. Bh3 Be7 19. Nxd5 Nxd5 20. exd5 Bxh3 21. Rxh3 Qd7 22. Rg3 Qf5 23. f4 exf4 24. Bxf4 Rc4 25. Rf3 0-0 26. Bd6 Qxf3 27. Bxe7 Rxh4 28. b3 Rh1 29. Rxh1 Qxh1+ 30. Kb2 Re8 31. d6 Qe4 32. Qc3 b4 33. Qc5 Qb7 34. Qf5 Rxe7 35. dxe7 Qxe7 36. Qc8+ Qf8 37. Qxa6 f5 38. Qc4+ Kh8 39. Qf4 h6 40. gxh6 gxh6 41. c3 bxc3+ 42. Kxc3 Qc5+ 43. Kd3 Kh7 44. a4 Kg6 45. b4 Qd5+ 46. Kc3 Qc6+ 47. Kb3 Qd5+ 48. Kc3 Qc6+ 49. Kb3 Qd5+ 50. Kc3 1/2-1/2

[Event "Santa Rosa op"]
[Site "Santa Rosa"]
[Date "2022.07.08"]
[Round "2"]
[White "Ayala, Gustavo"]
[Black "Mussanti, Diego"]
[Result "0-1"]
[WhiteElo "1861"]
[BlackElo "2234"]
[PlyCount "25"]
[EventDate "2022.07.08"]
[EventType "swiss"]
[EventRounds "7"]
[EventCountry "ARG"]
[SourceTitle "CBM 209 Extra"]
[Source "ChessBase"]
[SourceDate "2022.09.30"]
[SourceVersion "1"]
[SourceVersionDate "2022.09.30"]
[SourceQuality "1"]

1. e4 c5 2. Nf3 e6 3. b3 d6 4. Bb5+ Nd7 5. 0-0 Ngf6 6. Qe2 Be7 7. Bb2 0-0 8. Bxd7 Qxd7 9. d3 a6 10. a4 Rb8 11. a5 Bd8 12. e5 dxe5 13. Nxe5 0-1

[Event "Pan American-ch Seniors 50"]
[Site "Florianopolis"]
[Date "2022.06.26"]
[Round "9"]
[White "Mussanti, Diego"]
[Black "Tempone, Marcelo"]
[Result "0-1"]
[WhiteElo "2210"]
[BlackElo "2409"]
[PlyCount "29"]
[EventDate "2022.06.21"]
[EventType "swiss"]
[EventRounds "9"]
[EventCountry "BRA"]
[SourceTitle "CBM 209 Extra"]
[Source "ChessBase"]
[SourceDate "2022.09.30"]
[SourceVersion "1"]
[SourceVersionDate "2022.09.30"]
[SourceQuality "1"]

1. e4 c6 2. d4 d5 3. Nc3 dxe4 4. Nxe4 Nf6 5. Nxf6+ exf6 6. c3 Bd6 7. Bd3 0-0 8. Qc2 Re8+ 9. Ne2 h5 10. 0-0 h4 11. h3 Nd7 12. c4 Nf8 13. Be3 Ne6 14. Rfd1 Ng5 15. Nf4 0-1

[Event "Pan American-ch Seniors 50"]
[Site "Florianopolis"]
[Date "2022.06.25"]
[Round "7"]
[White "Dos Santos, Haroldo Cunha Jr"]
[Black "Mussanti, Diego"]
[Result "0-1"]
[WhiteElo "2108"]
[BlackElo "2210"]
[PlyCount "96"]
[EventDate "2022.06.21"]
[EventType "swiss"]
[EventRounds "9"]
[EventCountry "BRA"]
[SourceTitle "CBM 209 Extra"]
[Source "ChessBase"]
[SourceDate "2022.09.30"]
[SourceVersion "1"]
[SourceVersionDate "2022.09.30"]
[SourceQuality "1"]

1. d4 d5 2. Nf3 Nf6 3. Bf4 c5 4. e3 Nc6 5. c3 Qb6 6. Qc1 Nh5 7. Bg5 f6 8. Bh4 g5 9. Bg3 Bf5 10. dxc5 Qxc5 11. Nd4 Nxg3 12. hxg3 Bg6 13. Qd2 e5 14. Ne6 Qd6 15. Qxd5 Qxd5 16. Nc7+ Kf7 17. Nxd5 Rd8 18. c4 Nb4 19. Nxb4 Bxb4+ 20. Nc3 Bxc3+ 21. bxc3 Rd6 22. Rd1 Rhd8 23. Rxd6 Rxd6 24. c5 Rc6 25. Bc4+ Ke7 26. Kd2 Rxc5 27. Bb3 Rc6 28. Bg8 Rd6+ 29. Kc1 Rd8 30. Bb3 Rd3 31. c4 Kd6 32. f3 Rxe3 33. Kd2 Rd3+ 34. Ke2 Rd4 35. Ke3 Kc5 36. Rh6 a5 37. g4 Kb4 38. c5 Kxc5 39. Be6 Ra4 40. Bf5 Kd5 41. Bxg6 hxg6 42. Rxg6 Ra3+ 43. Kf2 Rxa2+ 44. Kg3 Ke6 45. Rg7 Rb2 46. Kh3 a4 47. g3 a3 48. Rg8 Rb6 0-1